The cultural dimension of sustainable consumption practices: an exploration in theory and policy (Record no. 354482)
[ view plain ]
| 000 -LEADER | |
|---|---|
| fixed length control field | 00460nam a2200097Ia 4500 |
| 008 - FIXED-LENGTH DATA ELEMENTS--GENERAL INFORMATION | |
| fixed length control field | 180130s9999 xx 000 0 und d |
| 245 ## - TITLE STATEMENT | |
| Statement of responsibility, etc | Spaargaren, Gert |
| Title | The cultural dimension of sustainable consumption practices: an exploration in theory and policy |
| 260 ## - PUBLICATION, DISTRIBUTION, ETC. (IMPRINT) | |
| Date of publication, distribution, etc | 2013 |
| 300 ## - PHYSICAL DESCRIPTION | |
| Extent | Book title: Innovations in sustainable consumption : new economics, socio-technical transitions and social practices--Acession number C17507; pages 229-251 |
| 650 ## - SUBJECT ADDED ENTRY--TOPICAL TERM | |
| Topical term or geographic name as entry element | ECONOMICS |
| Withdrawn status | Lost status | Damaged status | Home library | Current library | Date acquired | Total Checkouts | Date last seen | Price effective from | Koha item type |
|---|---|---|---|---|---|---|---|---|---|
| College Library | College Library | 01/30/2018 | 01/30/2018 | 01/30/2018 | Book Chapter |